00690nam a2200169 4500001000700000003000900007007000300016008004100019245025100060250001200311260006400323300002200387700002900409700003500438700002600473852002100499118024ES-MaACLt|070214s1930 py r ||||1| spa d03aEl paraguayo independiente b: 1845-Abril 26-Septiembre 18 - 1852... / checha... bajo la dirección de la Comisión compuesta de los H. Diputados Nacionales Dr. Justo Pastor Benítez, Don César Augusto Vasconcellos y D. Eusebio Aveiro Lugo. a3ª ed. aAsunción (Paraguay) : b[s. n.], c1930 (fImp. Nacional) a651 p. ; c28 cm.1 aPastor Benítez, Justo.1 aAugusto Vasconcellos, César.1 aAveiro Lugo, Eusebio. aES-MaACLjC-7086